Modelamiento y optimización dinámica de procesos de eutrofización /
Guardado en:
| Otros Autores: | , , |
|---|---|
| Formato: | Manuscrito |
| Idioma: | Spanish |
| Publicado: |
2010.
|
| Materias: | |
| Acceso en línea: | Resumen, abstract y bibliografía |
| Etiquetas: |
Agregar Etiqueta
Sin Etiquetas, Sea el primero en etiquetar este registro!
|
| LEADER | 01439ntm a22002655a 4500 | ||
|---|---|---|---|
| 001 | EIQ.libpla004262 | ||
| 008 | 120409s2010####ag#a#####bm###000#0#spa#d | ||
| 005 | 20121120165028.0 | ||
| 245 | 1 | 0 | |a Modelamiento y optimización dinámica de procesos de eutrofización / |c Vanina G. Estrada. |
| 260 | |c 2010. | ||
| 300 | |a viii, 225 p. : |b il. ; |c 21 cm. | ||
| 500 | |a "Tesis Doctoral en Biología". | ||
| 500 | |a Director de tesis: María Soledad Diaz y Elisa R. Parodi. | ||
| 502 | |a Tesis (doctoral)--Universidad Nacional del Sur. Departamento de Biología, Bioquímica y Farmacia, 2011. | ||
| 530 | |a Disponible también el resumen, abstract y bibliografía en formato digital. | ||
| 504 | |a Incluye referencias bibliográficas. | ||
| 100 | 1 | |a Estrada, Vanina G. |q (Vanina Gisela) |4 dis | |
| 700 | 1 | |a Díaz, María Soledad. |4 ths | |
| 700 | 1 | |a Parodi, Elisa R. |q (Elisa Rosalía) |4 ths | |
| 710 | 2 | |a Universidad Nacional del Sur. |b Departamento de Biología, Bioquímica y Farmacia |4 dgg. | |
| 082 | 0 | 4 | |a 660.2815 |2 21 |
| 650 | 7 | |a Ecología acuática |x Ecosistemas de agua dulce |x Eutrofización |x Embalse Paso de las Piedras (Argentina) |x Agua potable | |
| 650 | 7 | |a Aquatic ecology |x Drinking water ecosystems |x Eutrophication |x Water reservoir Paso de las Piedras (Argentina) |x Drinking water | |
| 856 | 4 | 1 | |y Resumen, abstract y bibliografía |u http://tesis.uns.edu.ar/tde%5Fbusca/arquivo.php?codArquivo=572 |
| 859 | |a AR-BbSID |b BIB. PLAPIQUI |h 660.2815 |i Es88 |p 6246 | ||
